|
|
|
|
| LEADER |
00713nam a22001817a 4500 |
| 082 |
|
|
|a 894.M3
|b AZE/A P1
|
| 100 |
|
|
|a വി എ എ അസീസ്;
|9 1616
|
| 100 |
|
|
|a V A A Azeez
|9 1617
|
| 240 |
|
|
|a Athyunnathangalil
|
| 245 |
|
|
|a അത്യുന്നതങ്ങളില്
|
| 250 |
|
|
|a 1st
|
| 260 |
|
|
|a Kottayam,
|b Sahitya Pravarthaka Co-operative Society Ltd;
|c 2001
|
| 300 |
|
|
|a 90p.
|
| 650 |
|
|
|a മലയാളം; മലയാളം നോവല്
|9 3
|
| 650 |
|
|
|a Malayalam; Malayalam Novel
|9 1805
|
| 942 |
|
|
|c BK
|
| 999 |
|
|
|c 30968
|d 30968
|
| 952 |
|
|
|0 0
|1 0
|4 0
|6 894_000000000000000_M3_AZE_A_P1
|7 0
|8 FIC
|9 33905
|a MAL
|b MAL
|d 2015-04-29
|e 45750
|g 27.00
|l 0
|o 894.M3 AZE/A P1
|p MAL045750
|r 2015-04-29
|t 1
|w 2015-04-29
|y BK
|